000
00329nam a2200133Ia 4500
008
240624s9999 xx 000 0 und d
041
_a
eng
082
_a
823 CUN
100
_a
CUNNINGHAM MICHAEL
245
_a
SPECIMEN DAYS
260
_c
2006
_a
London
_b
Harper Perennial
300
_a
x, : 308 : p. : cm. ; 17
365
_c
BPS
_b
20
999
_c
14387
_d
14387